A First Course in Discrete Dynamical Systems

Αποθηκεύτηκε σε:
Λεπτομέρειες βιβλιογραφικής εγγραφής
Κύριος συγγραφέας: Holmgren, Richard A.
Μορφή: Βιβλίο
Γλώσσα:English
Δημοσίευση: New York : Springer-Verlag, c1994
Σειρά:Universitext
Θέματα:
Ετικέτες: Προσθήκη ετικέτας
Δεν υπάρχουν, Καταχωρήστε ετικέτα πρώτοι!

MARC

LEADER 00000nam a2200000 i 4500
001 1/54300
008 951031s1994 eng d
020 |a 0-387-94208-4 
020 |a 3-540-94208-4 
035 |1 ΕΛΗ  |a 1995  |b 2410  |c ΠΟΥΡΝΑΡΑΣ  |l 10044956 
040 |a GR-MY-UA  |b gre  |e aacr 
041 0 |a eng 
082 0 |a 514.74 
100 1 |a Holmgren, Richard A. 
245 1 2 |a A First Course in Discrete Dynamical Systems /  |c Richard A. Holmgren 
260 |a New York :   |b Springer-Verlag,   |c c1994 
300 |a 214 p.;  |c 24 cm. 
490 1 |a Universitext 
500 |a Includes bibliographical references and index 
650 0 0 |a Differentiable dynamical systems. 
830 0 |a Universitext 
852 |a INST  |b SAMOS  |e 19951031  |h 514.74 HOL  |p 005300009262  |q 005300009262  |t BK  |y 0 
901 |a BIBL-1997-1 
909 |a Σ  |b 048934